|
|
|
|
| LEADER |
00000nab a2200000 a 4500 |
| 001 |
vtls000580463 |
| 003 |
SK-MaSNL |
| 005 |
20260304085523.0 |
| 008 |
250425c1995 xo 0 slo |
| 015 |
|
|
|a SNBRB19rr/mm-uuuuu
|
| 035 |
|
|
|a CL0580601
|
| 035 |
|
|
|a urn:nbn:sk:snk-abakbf
|
| 035 |
|
|
|a (urnnbn)urn:nbn:sk:snk:ar-a0a0te
|
| 035 |
|
|
|a (uuid)d40005b1-aed0-409e-97c2-1dfdfaba55cb
|
| 040 |
|
|
|a SNKBUCL
|b slo
|c SNKBUCL
|e AACR2
|
| 041 |
0 |
|
|a cze
|
| 044 |
|
|
|a xo
|c SK
|
| 080 |
|
|
|a 616.61-008.64-073.27
|2 1981
|
| 080 |
|
|
|a 612.123
|2 1981
|
| 080 |
|
|
|a 577.115
|2 1981
|
| 245 |
0 |
0 |
|a Peroxidace lipidů a antioxidační systém při bikarbonátové hemodialýze a bezacetátové biofiltraci
|c Jaromír Eiselt ... [et al.]
|
| 300 |
|
|
|b Tab. 4, res. angl., češ., lit. 20 zázn. v angl.
|
| 650 |
0 |
7 |
|a hemodialýza
|2 snkbucl
|9 2478
|
| 650 |
0 |
7 |
|a bezacetátová biofiltrácia
|2 snkbucl
|9 1379064
|
| 650 |
0 |
7 |
|a lipoperoxidácia
|2 snkbucl
|9 1366164
|
| 655 |
|
7 |
|a články z novín a časopisov
|2 snkbucl
|9 267496
|
| 700 |
1 |
|
|a Eiselt, Jaromír
|4 aut
|9 1378428
|
| 700 |
1 |
|
|a Racek, Jaroslav,
|d 1951-
|4 aut
|9 93073
|
| 700 |
1 |
|
|a Holeček, Václav,
|d 1931-
|4 aut
|9 61225
|
| 700 |
1 |
|
|a Jeřábek, Z.
|4 aut
|9 1133927
|
| 700 |
1 |
|
|a Opatrný, Karel,
|d 1924-2016
|4 aut
|9 98690
|
| 773 |
0 |
|
|t Vnitřní lékařství
|g Roč. 41, č. 4 (1995), s. 235-239
|x 0042-773X
|
| 850 |
|
|
|a Slovenská národná knižnica
|
| 852 |
|
|
|a Slovenská národná knižnica
|
| 954 |
|
|
|a odborná, vedecká literatúra cudzojazyčná (svetová)
|2 lita
|
| 958 |
|
|
|a article14
|
| 958 |
|
|
|a RK
|
| 958 |
|
|
|a NB
|
| 958 |
|
|
|a NX
|
| 958 |
|
|
|a OND
|
| 958 |
|
|
|a EUIPO
|
| 992 |
|
|
|a RBX
|
| 999 |
|
|
|c 2808395
|d 2810325
|